Statistics for Desert Countries - Tile Select

Click here to take the quiz!

General Stats

  • This quiz has been taken 174 times
    (153 since last reset)
  • The average score is 20 of 25

Answer Stats

QuestionTileSelect% Correct
The countries which have the majority of their land in a sand desert.BulgariaNo
99%
The countries which have the majority of their land in a sand desert.GreeceNo
98%
The countries which have the majority of their land in a sand desert.ItalyNo
98%
The countries which have the majority of their land in a sand desert.GeorgiaNo
96%
The countries which have the majority of their land in a sand desert.EgyptYes
95%
The countries which have the majority of their land in a sand desert.AlgeriaYes
94%
The countries which have the majority of their land in a sand desert.CanadaNo
94%
The countries which have the majority of their land in a sand desert.LibyaYes
94%
The countries which have the majority of their land in a sand desert.Saudi ArabiaYes
94%
The countries which have the majority of their land in a sand desert.AzerbijanNo
91%
The countries which have the majority of their land in a sand desert.MaliYes
86%
The countries which have the majority of their land in a sand desert.ChadYes
85%
The countries which have the majority of their land in a sand desert.MoroccoYes
85%
The countries which have the majority of their land in a sand desert.SudanYes
83%
The countries which have the majority of their land in a sand desert.OmanYes
82%
The countries which have the majority of their land in a sand desert.YemenYes
82%
The countries which have the majority of their land in a sand desert.NigerYes
80%
The countries which have the majority of their land in a sand desert.MauritaniaYes
79%
The countries which have the majority of their land in a sand desert.AngolaNo
73%
The countries which have the majority of their land in a sand desert.AustraliaYes
64%
The countries which have the majority of their land in a sand desert.SomaliaYes
57%
The countries which have the majority of their land in a sand desert.EthiopiaNo
54%
The countries which have the majority of their land in a sand desert.IranYes
44%
The countries which have the majority of their land in a sand desert.South SudanNo
37%
The countries which have the majority of their land in a sand desert.KazakhstanYes
23%

Score Distribution

Percentile by Number Answered

Percent of People with Each Score

Your Score History

You have not taken this quiz since the last reset